Butcher & bolt : (Record no. 15751)
[ view plain ]
| 000 -LEADER | |
|---|---|
| fixed length control field | 02014nam a2200265 a 4500 |
| 001 - CONTROL NUMBER | |
| control field | ASIN0091921406 |
| 005 - DATE AND TIME OF LATEST TRANSACTION | |
| control field | 20170105102924.0 |
| 008 - FIXED-LENGTH DATA ELEMENTS--GENERAL INFORMATION | |
| fixed length control field | 131211s2008 xxu eng d |
| 020 ## - INTERNATIONAL STANDARD BOOK NUMBER | |
| International Standard Book Number | 0091921406 (hardcover) |
| 020 ## - INTERNATIONAL STANDARD BOOK NUMBER | |
| International Standard Book Number | 9780091921408 (hardcover) |
| 040 ## - CATALOGING SOURCE | |
| Original cataloging agency | 0 |
| 050 04 - LIBRARY OF CONGRESS CALL NUMBER | |
| Classification number | DS361 |
| 082 04 - DEWEY DECIMAL CLASSIFICATION NUMBER | |
| Classification number | 958.103 |
| Author Mark | LOY 2008 |
| 100 1# - MAIN ENTRY--PERSONAL NAME | |
| Personal name | Loyn, David. |
| 245 10 - TITLE STATEMENT | |
| Title | Butcher & bolt : |
| Remainder of title | two hundred years of foreign failure in afghanistan / |
| Statement of responsibility, etc. | David Loyn. |
| 260 ## - PUBLICATION, DISTRIBUTION, ETC. | |
| Place of publication, distribution, etc. | [S.l.] : |
| Name of publisher, distributor, etc. | Hutchinson, |
| Date of publication, distribution, etc. | 2008. |
| 300 ## - PHYSICAL DESCRIPTION | |
| Extent | 352 p. ; |
| Dimensions | 24 cm. |
| 500 ## - GENERAL NOTE | |
| General note | International Edition. |
| 520 ## - SUMMARY, ETC. | |
| Summary, etc. | Afghanistan has been a strategic prize for foreign empires for more than two-hundred years. The British, Russians and Americans have all fought across its beautiful and inhospitable terrain, in conflicts variously ruthless, misguided and bloody. A century ago, the common sneer about how British soldiers treated Afghan tribesmen was that they would “butcher” them, then “bolt.” This violent history is the subject of David Loyn’s magisterial book. He begins with the first British mission exactly two hundred years ago that ushered in a history of conflict littered with misunderstandings and broken promises, in which the British, the Russians and later the Americans, constantly under-estimated the ability of the Afghans and the power of the Frontier tribes. Butcher & Bolt brilliantly brings to life the personalities involved in Afghanistan’s relationship with the world, chronicling the misunderstandings and missed opportunities that have so often led to war. Coming right up to date, it draws on David Loyn’s unrivalled knowledge of the Taliban today and the forces that currently prevail in Afghanistan, to provide the definitive analysis of the lessons these conflicts have for the present day. |
| 650 #0 - SUBJECT ADDED ENTRY--TOPICAL TERM | |
| Topical term or geographic name entry element | Afghan Wars |
| 650 #0 - SUBJECT ADDED ENTRY--TOPICAL TERM | |
| Topical term or geographic name entry element | Afghanistan |
| 650 #0 - SUBJECT ADDED ENTRY--TOPICAL TERM | |
| Topical term or geographic name entry element | International relations |
| 856 40 - ELECTRONIC LOCATION AND ACCESS | |
| Materials specified | Amazon.com |
| Uniform Resource Identifier | <a href="http://www.amazon.com/exec/obidos/ASIN/0091921406/chopaconline-20">http://www.amazon.com/exec/obidos/ASIN/0091921406/chopaconline-20</a> |
| 942 ## - ADDED ENTRY ELEMENTS (KOHA) | |
| Source of classification or shelving scheme | |
| Koha item type | Book |
| Withdrawn status | Lost status | Damaged status | Not for loan | Collection code | Permanent Location | Current Location | Shelving location | Date acquired | Total Checkouts | Full call number | Barcode | Date last seen | Price effective from | Koha item type |
|---|---|---|---|---|---|---|---|---|---|---|---|---|---|---|
| Centre for International Peace & Stability (CIPS) | Centre for International Peace & Stability (CIPS) | General Stacks | 08/05/2013 | 958.103 LOY 2008 | CIPS0000745 | 12/11/2013 | 12/11/2013 | Book |
